000 00966nam a2200253Ia 4500
003 OSt
005 20220918110852.0
006 a|||||r|||| 00| 0
007 ta
008 220915b |||||||| |||| 00| 0 san d
020 _a8174874631 (hbk)
_c1485
024 _a259024
037 _b121, 25/01/2011, Om Book Distributors
_cReference Collections
040 _aARTS
_cARTS
_bsan
041 _2san
_asan
082 _aP15:4k, 152K9;Q0(RR)
100 _aआप्टे, वामन शिवराम
245 0 _aसंस्कृत हिन्दी शब्दकोश
246 _aSanskṛut hindī shabdakosha
260 _aनई दिल्ली
_bराधा पब्लिकेशन्स भारत
_c2010
300 _a1296पृ
942 _hP15:4k, 152K9;Q0(RR)
_cREF
999 _c115376
_d115376